000 00323nam a2200121Ia 4500
008 190216s9999||||xx |||||||||||||| ||und||
100 _aVallathol Narayanamenon
245 0 _aBandanasthanaya Anirudhan
260 _bCalicut University Publications
_c1993
300 _a47
650 _aMalayalam Kavitha
942 _cBK
999 _c25262
_d25262